000 00479nam a2200169 i 4500
001 135597
003 ES-MaACL
007 t|
008 070720s1982 sp ||||1| spa d
080 _a28:32
100 1 _aTorre, Julio de la.
_9110747
245 1 0 _aCristianismo en la sociedad política /
_cJulio de la Torre.
260 _aMadrid :
_bNarcea,
_c[1982]
300 _a230 p. ;
_c21 cm.
650 1 4 _aCristianismo y política.
_911439
852 _aES-MaACL
_jL-3671
_bR.104611
999 _c135597
_d135597